LEADER 01034nam0-2200325---450- 001 990009781110403321 005 20131028122833.0 010 $a978-88-6342-378-5 035 $a000978111 035 $aFED01000978111 035 $a(Aleph)000978111FED01 035 $a000978111 100 $a20131028d2012----km-y0itay50------ba 101 0 $aita 102 $aIT 105 $ay-------001yy 200 1 $a<>nuovi strumenti di public enforcement$eCommissione europea e Antitrust nazionale a confronto$fCeleste Pesce 210 $aNapoli$cEditoriale scientifica$d2012 215 $aIX, 257 p.$d24 cm 225 1 $aStudi e documenti di diritto internazionale e comunitario$v60 610 0 $aConcorrenza$aDiritto comunitario 676 $a343.240721$v22$zita 700 1$aPesce,$bCeleste$0521191 801 0$aIT$bUNINA$gREICAT$2UNIMARC 901 $aBK 912 $a990009781110403321 952 $aCollez. 1622 (60)$b50373$fFSPBC 959 $aFSPBC 996 $aNuovi strumenti di public enforcement$9832624 997 $aUNINA LEADER 01635nam 2200397Ia 450 001 996396746903316 005 20200824132852.0 035 $a(CKB)4940000000058377 035 $a(EEBO)2240859717 035 $a(OCoLC)ocm12846756e 035 $a(OCoLC)12846756 035 $a(EXLCZ)994940000000058377 100 $a19851126d1679 uy | 101 0 $aeng 135 $aurbn||||a|bb| 200 14$aThe lively oracles given to us, or, The Christians birth-right and duty, in the custody and use of the Holy Scripture$b[electronic resource] /$fby the author of The whole duty of man, &c 205 $aThe third edition. 210 $aOxford [Oxfordshire] $cAt the Theater$d1679 215 $a[13], 226, [1] p. $cill 300 $aAuthorship of The whole duty of man is attributed to Richard Allestree by Halkett & Laing; also attributed to Lady Dorothy Pakington, Richard Sterne, Abp. of York, John Fell, Bp. of Oxford, and others. cf. DNB. 300 $aReproduction of original in Huntington Library. 330 $aeebo-0113 606 $aChristian life$vEarly works to 1800 615 0$aChristian life 700 $aAllestree$b Richard$f1619-1681.$0793142 701 $aPakington$b Dorothy Coventry$cLady,$fd. 1679.$01001112 701 $aSterne$b Richard$f1596?-1683.$01001111 701 $aFell$b John$f1625-1686.$01001113 801 0$bEAA 801 1$bEAA 801 2$bm/c 801 2$bWaOLN 906 $aBOOK 912 $a996396746903316 996 $aThe lively oracles given to us, or, The Christians birth-right and duty, in the custody and use of the Holy Scripture$92378728 997 $aUNISA